=LDR 00000nam 2200000 4500 =001 INLIS000000000040284 =005 20130612145844 =008 ***********************************Ind** =035 ##$$0010-061300000040284 =041 ##$$a Ind =082 ##$$a 646.72 =090 ##$$a 646.72, Rid k =100 ##$$a Ridwan, Muhammad =245 ##$$a Keajaiban rambut, Muhammad Ridwan, S.Pd, M.Pd =260 ##$$a 2009 $b Semarang =300 ##$$a 138 hlm, ilus, 20 cm =650 ##$$a Rambut =850 ##$$a NBPNMAT =990 ##$$a 0001/BPAP-NTB/2015